Alle Länder des Neubabylonischen Reichs - Statistiken

Allgemein
  • Dieses Quiz wurde 9 mal gespielt
  • Das Durchschnittsergebnis liegt bei 10 aus 11
Antwortstatistiken
Antwort % Korrekt
Irak
100%
Iran
100%
Libanon
100%
Saudi-Arabien
100%
Syrien
100%
Türkei
100%
Israel
88%
Jordanien
88%
Kuwait
88%
Ägypten
75%
Zypern
75%
Keine übereinstimmenden Quizze gefunden
Verteilung der Resultate
Anzahl Personen mit jedem Resultat
Perzentil nach korrekt beantworteten Fragen
Ihre Resultats-Entwicklung
Sie haben dieses Quiz noch nicht gespielt